Carta de Buenos Aires a las iglesias y pueblos de América Latina (Registro nro. 51478)
[ vista simple ]
| 000 -LÍDER | |
|---|---|
| Campo fijo de descripción fija | 00894aab a2200193 i 4500 |
| 001 - NÚMERO DE CONTROL | |
| Campo de control | 768714001 |
| 003 - IDENTIFICADOR DEL NÚMERO DE CONTROL | |
| Campo de control | CO-MdFUSB |
| 005 - FECHA Y HORA DE LA ULTIMA TRANSACCIÓN | |
| control field | 20240422103055.0 |
| 008 - ELEMENTOS DE LONGITUD FIJA -- INFORMACIÓN GENERAL | |
| Campo fijo de descripción fija -- Información general | 240410t1984 ag ||||| |||| 00| 0 spa d |
| 040 ## - FUENTE DE CATALOGACIÓN | |
| Idioma de catalogación | spa |
| Agencia que realiza la transcripción | CO-MdFUSB |
| 041 ## - CÓDIGO DE IDIOMA | |
| Código de idioma para texto/pista de sonido o título separado | spa |
| 100 1# - ASIENTO PRINCIPAL--NOMBRE PERSONAL | |
| Nombre personal | Pagura, Federico J. |
| Término relacionador | autor |
| 245 ## - TÍTULO | |
| Título | Carta de Buenos Aires a las iglesias y pueblos de América Latina |
| Mención de responsabilidad | / Federico J. Pagura |
| 300 ## - DESCRIPCIÓN FÍSICA | |
| Extensión | Volumen 3, número 2 (junio, 1984), páginas: 77 - 78 |
| Dimensiones | ; 27 cm |
| 520 ## - NOTA DE RESUMEN, ETC. | |
| Nota de sumario, etc. | Escrito del Comité Ejecutivo y el Secretariado Consejo Latinoamericano de Iglesias (CLAI). Esta carta es una reflexión sobre el ministerio del CLAI en el tiempo transcurrido y para proyectar la acción en el cumplimiento fiel de la misión recibida. |
| 653 ## - TÉRMINO DE INDIZACIÓN - NO CONTROLADO | |
| Término no controlado | Eclesiología |
| 773 0# - ASIENTO DE ITEM FUENTE | |
| Título | Iglesia y Misión |
| Biblionumber | 49402 |
| Itemnumber | 59687 |
| Parte(s) relacionada(s) / Volumen., número. (mes año), páginas | Volumen 3, número 2 (junio, 1984), páginas: 77 - 78 |
| Enumeración y primera página | página: 77 |
| 942 ## - TIPO DE MATERIAL (KOHA) | |
| Tipo de Item KOHA | Artículos de Revista |
No hay ítems disponibles.
